000 00233nam a2200121Ia 4500
100 _a#N/A
650 _aComputer/ IT
942 _cBK
654 _aenterprise
245 _aEnterprise Javabeans
260 _b#N/A
546 _aENGLISH
999 _c20417
_d20417